[Event "Jesenik op-B"]
[Site "Jesenik"]
[Date "2023.08.26"]
[Round "8"]
[White "Veselsky, Frantisek"]
[Black "Bausano, Michael"]
[Result "1/2-1/2"]
[WhiteElo "1872"]
[BlackElo "1749"]
[PlyCount "21"]
[EventDate "2023.08.19"]
[EventType "swiss"]
[EventRounds "9"]
[EventCountry "CZE"]
[SourceTitle "EXT 2024"]
[Source "ChessBase"]
[SourceDate "2023.10.10"]
[SourceVersion "1"]
[SourceVersionDate "2023.10.10"]
[SourceQuality "1"]

1. e4 e6 2. Nc3 d5 3. g3 Nf6 4. Bg2 Bb4 5. e5 Nfd7 6. Qg4 Bf8 7. d4 c5 8. f4 cxd4 9. Nce2 Qb6 10. Nf3 Nc6 11. a3 1/2-1/2

[Event "CZE-chT2E 1617"]
[Site "Czech Republic"]
[Date "2017.01.29"]
[Round "7.8"]
[White "Mlensky, Dalibor"]
[Black "Veselsky, Frantisek"]
[Result "0-1"]
[WhiteElo "2134"]
[BlackElo "1963"]
[PlyCount "156"]
[EventDate "2016.09.10"]
[EventType "team-tourn"]
[EventRounds "11"]
[EventCountry "CZE"]
[SourceTitle "EXT 2022"]
[Source "ChessBase"]
[SourceDate "2021.10.06"]
[SourceVersion "1"]
[SourceVersionDate "2021.10.06"]
[SourceQuality "1"]
[WhiteTeam "Prusanky Podluzan"]
[BlackTeam "Hostalkova"]
[WhiteTeamCountry "CZE"]
[BlackTeamCountry "CZE"]

1. e4 g6 2. d4 Bg7 3. Nc3 d6 4. g3 e5 5. dxe5 Bxe5 6. f4 Bg7 7. Bg2 Nc6 8. Nge2 Nge7 9. Be3 Be6 10. Nd4 Qd7 11. Nxe6 Qxe6 12. Qd2 0-0-0 13. 0-0 f5 14. exf5 gxf5 15. Bf2 Kb8 16. Rfe1 Qg6 17. Nd5 Nc8 18. c4 Rhe8 19. Nb4 Rxe1+ 20. Rxe1 N6e7 21. Rxe7 Nxe7 22. Qe3 Nc8 23. Qf3 d5 24. cxd5 Qd6 25. Qb3 Nb6 26. a4 a5 27. Nd3 Nxd5 28. Nc5 Nb6 29. Bxb7 Qd1+ 30. Qxd1 Rxd1+ 31. Kg2 Rd2 32. Kf3 Rxf2+ 33. Kxf2 Bd4+ 34. Kf3 Bxc5 35. Bc6 Nc4 36. Bd7 Nd6 37. h3 h5 38. b3 Kb7 39. g4 hxg4+ 40. hxg4 fxg4+ 41. Kxg4 Ne4 42. Be6 Kc6 43. Kf3 Kd6 44. Bf7 Nf6 45. Bc4 Bg1 46. Ke2 Kc5 47. Kd3 Kb4 48. f5 c5 49. Be6 Bd4 50. Bf7 Ng4 51. Bg8 Bf6 52. Ke4 Ne5 53. Bd5 Nd7 54. Be6 Ne5 55. Bd5 Nd7 56. Be6 Nb6 57. Kd3 Na8 58. Bc4 Nc7 59. Bf7 Na6 60. Bc4 Nc7 61. Bf7 Bd4 62. Kc2 Ka3 63. Kd3 Kb4 64. Kc2 Na8 65. Kd3 Nb6 66. Be6 Bg7 67. Bf7 Nd7 68. Be6 Ne5+ 69. Ke4 Nc6 70. Kd5 Nd4 71. Bf7 Bf8 72. f6 Nxb3 73. Be8 c4 74. Bb5 c3 75. Bd3 Na1 76. Ke6 c2 77. Bxc2 Nxc2 78. Kf7 Bc5 0-1

[Event "CZE-chT2F 1516"]
[Site "Czech Republic"]
[Date "2016.04.17"]
[Round "11.27"]
[White "Kapusta, Petr"]
[Black "Veselsky, Frantisek"]
[Result "1-0"]
[WhiteElo "2156"]
[BlackElo "1943"]
[PlyCount "71"]
[EventDate "2015.10.18"]
[EventType "team-tourn"]
[EventRounds "11"]
[EventCountry "CZE"]
[SourceTitle "EXT 2022"]
[Source "ChessBase"]
[SourceDate "2021.10.06"]
[SourceVersion "1"]
[SourceVersionDate "2021.10.06"]
[SourceQuality "1"]
[WhiteTeam "Kromeriz Slavia II"]
[BlackTeam "Hostalkova"]
[WhiteTeamCountry "CZE"]
[BlackTeamCountry "CZE"]

1. e4 d5 2. exd5 Qxd5 3. Nc3 Qa5 4. d4 c6 5. Nf3 Bf5 6. Bc4 e6 7. Bd2 Qc7 8. Qe2 Nf6 9. 0-0-0 Nbd7 10. Nh4 Bg6 11. Nxg6 hxg6 12. d5 cxd5 13. Bxd5 0-0-0 14. Nb5 Qb6 15. Be3 Bc5 16. Nd6+ Kb8 17. Bxb7 Bxe3+ 18. Qxe3 Qxe3+ 19. fxe3 Ne5 20. Bf3 Nd5 21. Bxd5 Rxd6 22. Bf3 Kc7 23. Rxd6 Kxd6 24. Be2 Kd5 25. Kd2 g5 26. Ke1 g4 27. Kf2 Ke4 28. Ba6 Rb8 29. b3 Rb6 30. Be2 Rc6 31. c4 Ra6 32. Ra1 Ra3 33. c5 f5 34. Rd1 Nc6 35. Rd6 Nb4 36. Rd4+ 1-0

[Event "CZE-chT2F 1314"]
[Site "Czech Republic"]
[Date "2013.11.17"]
[Round "2.38"]
[White "Veselsky, Frantisek"]
[Black "Zalesky, Karel"]
[Result "0-1"]
[WhiteElo "1929"]
[BlackElo "2043"]
[PlyCount "26"]
[EventDate "2013.11.03"]
[EventType "team-tourn"]
[EventRounds "11"]
[EventCountry "CZE"]
[SourceTitle "EXT 2016"]
[Source "ChessBase"]
[SourceDate "2015.10.08"]
[SourceVersion "1"]
[SourceVersionDate "2015.10.08"]
[SourceQuality "1"]
[WhiteTeam "Hostalkova"]
[BlackTeam "Opava KVS"]
[WhiteTeamCountry "CZE"]
[BlackTeamCountry "CZE"]

1. e4 c5 2. Nf3 e6 3. d4 cxd4 4. Nxd4 a6 5. Bd3 Nc6 6. Be3 d5 7. 0-0 e5 8. Nxc6 bxc6 9. f4 Bd6 10. fxe5 Bxe5 11. c3 Qh4 12. Qf3 Bxh2+ 13. Kh1 Bg3+ 0-1

[Event "CZE-chT2E 1112"]
[Site "Czech Republic"]
[Date "2012.03.04"]
[Round "9.6"]
[White "Veselsky, Frantisek"]
[Black "Vavruska, Antonin"]
[Result "0-1"]
[WhiteElo "1979"]
[BlackElo "2137"]
[PlyCount "74"]
[EventDate "2011.10.09"]
[EventType "team-tourn"]
[EventRounds "11"]
[EventCountry "CZE"]
[SourceTitle "EXT 2013"]
[Source "ChessBase"]
[SourceDate "2012.11.22"]
[SourceVersion "1"]
[SourceVersionDate "2012.11.22"]
[SourceQuality "1"]
[WhiteTeam "Hostalkova"]
[BlackTeam "Stare Mesto II"]
[WhiteTeamCountry "CZE"]
[BlackTeamCountry "CZE"]

1. e4 e6 2. Nc3 d5 3. g3 dxe4 4. Nxe4 e5 5. Bg2 Nc6 6. Ne2 Bg4 7. h3 Bh5 8. d3 f5 9. N4c3 Qd7 10. 0-0 Nf6 11. Qe1 0-0-0 12. Nb5 Kb8 13. Be3 a6 14. a4 Bxe2 15. Qxe2 axb5 16. axb5 Nd4 17. Bxd4 Qxd4 18. Ra5 e4 19. Rfa1 Kc8 20. dxe4 Bd6 21. c3 Qb6 22. e5 Rde8 23. Qd2 Rxe5 24. Ra8+ Kd7 25. Rxh8 Rxb5 26. Qg5 Ke6 27. Re1+ Kf7 28. b4 f4 29. Qh4 Rh5 30. Bd5+ Rxd5 31. gxf4 Rf5 32. Re2 Qb5 33. Kf1 Rxf4 34. Qg3 Rxb4 35. Qf3 Rf4 36. Qe3 Qd5 37. Ke1 Rf3 0-1

[Event "Stare Mesto op"]
[Site "Stare Mesto"]
[Date "2009.08.15"]
[Round "2"]
[White "Simek, Petr"]
[Black "Veselsky, Frantisek"]
[Result "1-0"]
[WhiteElo "2301"]
[BlackElo "1999"]
[PlyCount "69"]
[EventDate "2009.08.14"]
[EventType "swiss"]
[EventRounds "10"]
[EventCountry "CZE"]
[SourceTitle "CBM 131 Extra"]
[Source "ChessBase"]
[SourceDate "2009.09.03"]
[SourceVersion "2"]
[SourceVersionDate "2009.09.16"]
[SourceQuality "1"]

1. e4 d5 2. exd5 Qxd5 3. Nc3 Qa5 4. d4 c6 5. Nf3 Nf6 6. Bd2 Qc7 7. Bc4 Bf5 8. Ne5 e6 9. Qe2 Nbd7 10. 0-0-0 Nxe5 11. dxe5 Nd7 12. Rhe1 0-0-0 13. g4 Bg6 14. f4 Nb6 15. Bb3 h5 16. h3 Bb4 17. Ne4 Bxd2+ 18. Nxd2 hxg4 19. hxg4 Rd4 20. Qf2 Rhd8 21. c3 R4d7 22. Nf3 Rxd1+ 23. Bxd1 Nd5 24. Nd4 Qa5 25. f5 exf5 26. gxf5 Bh7 27. Bb3 Nxc3 28. bxc3 Qxc3+ 29. Nc2 Rd3 30. Bxf7 Rf3 31. Be6+ Kc7 32. Qd4 Qxd4 33. Nxd4 Rf4 34. Rd1 a6 35. Rg1 1-0